[Event "Guwahati Sakatam op 1st"]
[Site "Guwahati"]
[Date "2024.03.24"]
[Round "4"]
[White "Parambrata, Sarkar"]
[Black "Arpan, Das Jr"]
[Result "0-1"]
[WhiteElo "1755"]
[BlackElo "2374"]
[PlyCount "50"]
[EventDate "2024.03.23"]
[EventType "swiss"]
[EventRounds "10"]
[EventCountry "IND"]
[SourceTitle "CBM 219 Extra"]
[Source "ChessBase"]
[SourceDate "2024.05.31"]
[SourceVersion "1"]
[SourceVersionDate "2024.05.31"]
[SourceQuality "1"]

1. e4 c6 2. d4 d5 3. Nc3 dxe4 4. Nxe4 Nf6 5. Bd3 Qxd4 6. Nf3 Qd8 7. Qe2 Nxe4 8. Bxe4 g6 9. h4 Bg4 10. Bd2 Bg7 11. 0-0-0 Nd7 12. c3 Qc7 13. Bc2 e6 14. Qe3 Nb6 15. Bb3 0-0-0 16. Rhe1 h5 17. Qc5 Bf6 18. Qa5 Kb8 19. Re4 Nd5 20. Qa4 e5 21. Rde1 b5 22. Qa6 Bc8 23. Qa3 Be7 24. Rxe5 Bxa3 25. bxa3 f6 0-1